<?xml version="1.0" encoding="UTF-8"?>
<record
    xmlns:xsi="http://www.w3.org/2001/XMLSchema-instance"
    xsi:schemaLocation="http://www.loc.gov/MARC21/slim http://www.loc.gov/standards/marcxml/schema/MARC21slim.xsd"
    xmlns="http://www.loc.gov/MARC21/slim">

  <leader>01405nam a22002537a 4500</leader>
  <controlfield tag="003">SEM</controlfield>
  <controlfield tag="005">20220608073647.0</controlfield>
  <controlfield tag="008">170420b        xxu||||| |||| 00| 0 arm</controlfield>
  <datafield tag="040" ind1=" " ind2=" ">
    <subfield code="a">&#x54D;&#x537;&#x544;</subfield>
    <subfield code="c">&#x54D;&#x537;&#x544;</subfield>
  </datafield>
  <datafield tag="041" ind1="0" ind2=" ">
    <subfield code="a">arm.</subfield>
  </datafield>
  <datafield tag="245" ind1="0" ind2="0">
    <subfield code="a">&#x544;&#x56F;&#x580;&#x57F;&#x56B;&#x579; &#x54D;&#x567;&#x580;&#x569;&#x577;&#x56B;&#x574;&#x577;&#x567;&#x584;: </subfield>
    <subfield code="b">&#x53E;&#x561;&#x57C;&#x561;&#x575;&#x578;&#x582;&#x569;&#x565;&#x561;&#x576; 55 &#x57F;&#x561;&#x580;&#x56B;&#x576;&#x565;&#x580;:/ </subfield>
    <subfield code="c">&#x540;&#x580;&#x561;&#x57F;. &#x57A;&#x561;&#x57F;.` &#x545;. &#x561;&#x562;&#x572;. &#x54F;&#x561;&#x574;&#x561;&#x57F;&#x565;&#x561;&#x576; &#x587; &#x578;&#x582;&#x580;&#x56B;&#x577;.</subfield>
  </datafield>
  <datafield tag="246" ind1=" " ind2=" ">
    <subfield code="a">[&#x544;&#x56F;&#x580;&#x57F;&#x56B;&#x579; &#x54D;&#x565;&#x580;&#x569;&#x577;&#x56B;&#x574;&#x577;&#x565;&#x584;]. </subfield>
    <subfield code="b">[&#x53E;&#x561;&#x57C;&#x561;&#x575;&#x578;&#x582;&#x569;&#x575;&#x561;&#x576; 55 &#x57F;&#x561;&#x580;&#x56B;&#x576;&#x565;&#x580;]: </subfield>
  </datafield>
  <datafield tag="260" ind1=" " ind2=" ">
    <subfield code="a">&#x54D;&#x57F;&#x561;&#x574;&#x562;&#x578;&#x582;&#x56C;:</subfield>
    <subfield code="b">&#x531;. &#x570;.,</subfield>
    <subfield code="c">[2016].</subfield>
  </datafield>
  <datafield tag="300" ind1=" " ind2=" ">
    <subfield code="a">306 &#x567;&#x57B;;</subfield>
    <subfield code="b">&#x576;&#x56F;.;</subfield>
    <subfield code="c">30 &#x57D;&#x574;.</subfield>
  </datafield>
  <datafield tag="600" ind1="1" ind2="0">
    <subfield code="a">&#x54D;&#x567;&#x580;&#x569;&#x577;&#x56B;&#x574;&#x577;&#x567;&#x584; &#x544;&#x56F;&#x580;&#x57F;&#x56B;&#x579;</subfield>
    <subfield code="q">(&#x54D;&#x565;&#x580;&#x569;&#x577;&#x56B;&#x574;&#x577;&#x565;&#x584; &#x544;&#x56F;&#x580;&#x57F;&#x56B;&#x579;)</subfield>
  </datafield>
  <datafield tag="650" ind1=" " ind2=" ">
    <subfield code="a">&#x540;&#x561;&#x575; &#x584;&#x561;&#x576;&#x564;&#x561;&#x56F;&#x561;&#x563;&#x578;&#x580;&#x56E;&#x576;&#x565;&#x580;</subfield>
    <subfield code="x">&#x56F;&#x565;&#x576;&#x57D;&#x561;&#x563;&#x580;&#x578;&#x582;&#x569;&#x575;&#x578;&#x582;&#x576;</subfield>
  </datafield>
  <datafield tag="650" ind1=" " ind2=" ">
    <subfield code="a">&#x548;&#x57D;&#x56F;&#x565;&#x580;&#x579;&#x578;&#x582;&#x569;&#x575;&#x578;&#x582;&#x576;</subfield>
    <subfield code="v">&#x535;&#x56F;&#x565;&#x572;&#x565;&#x581;&#x561;&#x56F;&#x561;&#x576; &#x56B;&#x580;&#x565;&#x580;, &#x57A;&#x561;&#x580;&#x561;&#x563;&#x561;&#x576;&#x565;&#x580;</subfield>
  </datafield>
  <datafield tag="650" ind1=" " ind2=" ">
    <subfield code="a">&#x531;&#x580;&#x56E;&#x561;&#x569;&#x561;&#x563;&#x578;&#x580;&#x56E;&#x578;&#x582;&#x569;&#x575;&#x578;&#x582;&#x576;</subfield>
    <subfield code="v">&#x535;&#x56F;&#x565;&#x572;&#x565;&#x581;&#x561;&#x56F;&#x561;&#x576; &#x56B;&#x580;&#x565;&#x580;, &#x57A;&#x561;&#x580;&#x561;&#x563;&#x561;&#x576;&#x565;&#x580;</subfield>
  </datafield>
  <datafield tag="700" ind1="1" ind2=" ">
    <subfield code="a">&#x54F;&#x561;&#x574;&#x561;&#x57F;&#x565;&#x561;&#x576; &#x545;&#x561;&#x580;&#x578;&#x582;&#x569;&#x56B;&#x582;&#x576;</subfield>
    <subfield code="4">&#x570;&#x580;&#x561;&#x57F;. &#x57A;&#x561;&#x57F;.</subfield>
    <subfield code="c">&#x561;&#x562;&#x572;.</subfield>
    <subfield code="e">comp.</subfield>
    <subfield code="q">(&#x54F;&#x561;&#x574;&#x561;&#x57F;&#x575;&#x561;&#x576; &#x540;&#x561;&#x580;&#x578;&#x582;&#x569;&#x575;&#x578;&#x582;&#x576;)</subfield>
  </datafield>
  <datafield tag="700" ind1="1" ind2=" ">
    <subfield code="a">&#x54F;&#x561;&#x574;&#x561;&#x57F;&#x565;&#x561;&#x576; &#x533;&#x580;&#x56B;&#x563;&#x578;&#x580;</subfield>
    <subfield code="4">&#x570;&#x580;&#x561;&#x57F;. &#x57A;&#x561;&#x57F;.</subfield>
    <subfield code="c">&#x561;&#x57E;. &#x584;&#x570;&#x576;.</subfield>
    <subfield code="e">comp.</subfield>
    <subfield code="q">(&#x54F;&#x561;&#x574;&#x561;&#x57F;&#x575;&#x561;&#x576; &#x533;&#x580;&#x56B;&#x563;&#x578;&#x580;)</subfield>
  </datafield>
  <datafield tag="700" ind1="1" ind2=" ">
    <subfield code="a">&#x54D;&#x565;&#x580;&#x578;&#x562;&#x565;&#x561;&#x576; &#x54E;&#x561;&#x572;&#x561;&#x580;&#x577;&#x561;&#x56F;</subfield>
    <subfield code="4">&#x570;&#x580;&#x561;&#x57F;. &#x57A;&#x561;&#x57F;.</subfield>
    <subfield code="c">&#x57D;&#x580;&#x56F;.</subfield>
    <subfield code="e">comp.</subfield>
    <subfield code="q">(&#x54D;&#x565;&#x580;&#x578;&#x562;&#x575;&#x561;&#x576; &#x54E;&#x561;&#x572;&#x561;&#x580;&#x577;&#x561;&#x56F;)</subfield>
  </datafield>
  <datafield tag="700" ind1="1" ind2=" ">
    <subfield code="a">&#x544;&#x561;&#x569; &#x539;&#x567;&#x578;&#x574;&#x561;&#x576;</subfield>
    <subfield code="4">&#x570;&#x580;&#x561;&#x57F;. &#x57A;&#x561;&#x57F;.</subfield>
    <subfield code="e">comp.</subfield>
    <subfield code="q">(&#x544;&#x561;&#x569; &#x539;&#x565;&#x578;&#x574;&#x561;&#x576;)</subfield>
  </datafield>
  <datafield tag="942" ind1=" " ind2=" ">
    <subfield code="2">udc</subfield>
    <subfield code="c">BK</subfield>
  </datafield>
  <datafield tag="999" ind1=" " ind2=" ">
    <subfield code="c">66331</subfield>
    <subfield code="d">66331</subfield>
  </datafield>
  <datafield tag="952" ind1=" " ind2=" ">
    <subfield code="0">0</subfield>
    <subfield code="1">0</subfield>
    <subfield code="2">udc</subfield>
    <subfield code="4">0</subfield>
    <subfield code="7">0</subfield>
    <subfield code="8">&#x533;&#x580;&#x561;&#x57A;&#x561;&#x570;&#x578;&#x581;</subfield>
    <subfield code="a">SEM</subfield>
    <subfield code="b">SEM</subfield>
    <subfield code="d">2017-04-21</subfield>
    <subfield code="g">15000.00</subfield>
    <subfield code="i">26695</subfield>
    <subfield code="l">0</subfield>
    <subfield code="o">92:73(47.925)/&#x54D;-43</subfield>
    <subfield code="p">26695</subfield>
    <subfield code="r">2017-04-21</subfield>
    <subfield code="w">2022-06-08</subfield>
    <subfield code="y">BK</subfield>
    <subfield code="z">&#x54D;&#x57A;&#x561;&#x57D;&#x561;&#x580;&#x56F;&#x57E;&#x578;&#x582;&#x574; &#x567; &#x568;&#x576;&#x569;&#x565;&#x580;&#x581;&#x561;&#x57D;&#x580;&#x561;&#x570;</subfield>
  </datafield>
</record>
